LEADER 01467nam a2200349 a 4500 001 000000124390 003 CaOOAMICUS 005 20110217163426.0 008 110217s2010 it u000 u ita r 020 $a978-88-7105-290-8 040 $aPUL$bita 082 04$a271.5 110 2 $aAssociazione teologica Italiana.$0(OLS)http://pul/name/22895 245 13$aLa teologia nel tempo dell'evoluzione /$cAssociazione Teologica Italiana ; a cura di Giuseppe Accordini. 260 $aMilano :$bGlossa,$c©2010. 300 $axii, 335 p. ;$c21 cm 490 1 $aForum ATI ;$v8 504 $aBibliografia in nota. 650 4$aTeologia e antropologia.$0(OLS)http://pul/subject/33337 650 4$aEvoluzione.$0(OLS)http://pul/subject/1620 650 4$aNatura (teologia).$0(OLS)http://pul/subject/1024 700 1 $aAccordini, Giuseppe.$0(OLS)http://pul/name/69361 830 0$aForum ATI ;$v8.$0(OLS)http://pul/title/132533 850 $aPUL 852 $aPUL$W1$xSL Religione 3$y85$m271. 5 ACCGI 1$j143189$qDDC 21$B142223$CPULBib$Z2$F142223 $H115368 $82 910 $aATI (Associazione teologica Italiana)$922895 941 1 $a9 996 $6020$a978-88-7105-290-8$9(OLS)http://pul/number/146404 996 $6082$a271.5$9(OLS)http://pul/classification/1856 996 $6245$aLa teologia nel tempo dell'evoluzione$9(OLS)http://pul/title/156798 996 $6260$aMilano :$bGlossa$9(OLS)http://pul/publisher/53656 LEADER 01785nam a2200337 a 4500 001 000000125770 003 CaOOAMICUS 005 20110621095126.0 008 110620s2011 it 000 u ita r 040 $aPUL$bita 041 1 $aita$hfre 082 04$a200.3 100 1 $aSchuré, Edouard,$d1841-1929.$0(OLS)http://pul/name/40770 240 10$aGrands initiés$lItaliano.$0(OLS)http://pul/title/158704 245 12$aI grandi iniziati :$bstoria segreta delle religioni : Rama - Krishna - Ermete - Mosè -Orfeo - Pitagora - Platone - Gesù /$cEdoardo Schuré ; traduzione di Arnaldo Cervesato. 260 $aMilano :$bIl Sole 24 ore,$c©2011$aRoma ; Bari :$bEditori Laterza 300 $a2 v. ;$c22 cm 490 1 $aLe grandi Religioni ;$v13 ; 14 504 $aContiene riferimenti bibliografici ed indici. 650 4$aReligioni$xStoria.$0(OLS)http://pul/subject/130 700 1 $aCervesato, Arnaldo,$d1879-1944.$0(OLS)http://pul/name/56771 830 0$aGrandi Religioni (Sole 24 ore) ;$v13 ; 14.$0(OLS)http://pul/title/157326 850 $aPUL 852 $aPUL$W1$xSL Religione 3$y85$m200. 3 COLL 2.13$j144877$av. 1$qDDC 21$B143886$CPULBib$Z2$F143886 $H117463 $82 852 $aPUL$W1$xSL Religione 3$y85$m200. 3 COLL 2.14$j144878$av. 2$qDDC 21$B143887$CPULBib$Z2$F143887 $H117464 $82 941 1 $a9 996 $6082$a200.3$9(OLS)http://pul/classification/1704 996 $6245$aI grandi iniziati :$bstoria segreta delle religioni : Rama - Krishna - Ermete - Mosè -Orfeo - Pitagora - Platone - Gesù$9(OLS)http://pul/title/158703 996 $6260$aMilano :$bIl Sole 24 ore$9(OLS)http://pul/publisher/69212 996 $6260$aRoma ; Bari :$bEditori Laterza$9(OLS)http://pul/publisher/61082